Advanced space system concepts and technologies, 2010-2030+ /

Bibliographic Details
Main Author: Bekey, Ivan
Format: Book
Language:English
Published: El Segundo, Calif. : Reston, Va. : Aerospace Press ; American Institute of Aeronautics and Astronautics, [2003]
Subjects:

MARC

Tag First Indicator Second Indicator Subfields
LEADER 00000cam a22000004a 4500
001 in00002030621
005 20151101050649.0
008 021114s2003 caua b 000 0 eng
010 |a  2002153899 
020 |a 1884989128 
035 |a (OCoLC)ocm51087935 
040 |a DLC  |c DLC  |d TXA  |d UtOrBLW 
042 |a pcc 
049 |a TXAM 
050 0 0 |a TL791  |b .B45 2003 
082 0 0 |a 629.4/01/12  |2 21 
100 1 |a Bekey, Ivan. 
245 1 0 |a Advanced space system concepts and technologies, 2010-2030+ /  |c Ivan Bekey. 
264 1 |a El Segundo, Calif. :  |b Aerospace Press ;  |a Reston, Va. :  |b American Institute of Aeronautics and Astronautics,  |c [2003] 
264 4 |c ©2003 
300 |a ix, 293 pages :  |b illustrations ;  |c 24 cm. 
336 |a text  |b txt  |2 rdacontent 
337 |a unmediated  |b n  |2 rdamedia 
338 |a volume  |b nc  |2 rdacarrier 
504 |a Includes bibliographical references (pages 287-293). 
650 0 |a Aerospace engineering  |x Forecasting. 
650 0 |a Astronautics  |x Forecasting. 
948 |a cataloged  |b h  |c 2005/9/5  |d c  |e jgreene  |f 4:18:51 pm 
994 |a C0  |b TXA 
999 |a MARS 
999 f f |s 59597f64-2642-318f-82a8-1a8a3c3e247c  |i c7579769-2254-3e98-971c-0af65e308dc1  |t 0 
952 f f |p normal  |a Texas A&M University  |b College Station  |c Sterling C. Evans Library  |d Evans: Library Stacks  |t 0  |e TL791 .B45 2003  |h Library of Congress classification  |i unmediated -- volume  |m A14832917963 
998 f f |a TL791 .B45 2003  |t 0  |l Evans: Library Stacks